000 00372pab a2200157 454500
008 180718b1997 xxu||||| |||| 00| 0 eng d
100 _aPandey, R.S.
245 _aTowards universalising primary education
260 _c1997
300 _ap.38-39
362 _aApr
650 _aEducation, Primary - India
650 _aEducation
773 _aYojana
909 _a33526
999 _c33526
_d33526